| 000 | 00458cam a2200193ua 4500 | ||
|---|---|---|---|
| 001 | 10591 | ||
| 008 | 190319n ii |||gr||||Z||||||eng | ||
| 020 | _a9788131717257 | ||
| 040 | _cMAIN | ||
| 082 | _a330.01 | ||
| 100 |
_aAlfred W Stonier, _eAuthor. |
||
| 245 | _aA textbook of economic theory | ||
| 250 | _a5th ed. | ||
| 260 |
_aNoida: _bpearson, _c2008. |
||
| 300 | _a699p. | ||
| 653 | _aEconomics | ||
| 700 |
_aDouglas C Hague, _eAuthor. |
||
| 942 | _cBK | ||
| 999 |
_c9564 _d9564 |
||